| 000 | 00460nam a2200157 a 4500 | ||
|---|---|---|---|
| 001 | 1876 | ||
| 003 | CDMR | ||
| 005 | 20130729104432.0 | ||
| 008 | 130130s1995||||||||||||||||||||||||||||d | ||
| 040 |
_aCDMR _bcat _cCPC GIRONA |
||
| 100 | 1 |
_aPuigbert, Joan _9936 |
|
| 245 | 1 | 3 |
_aLa Girona de la restauració _bGirona, 1874-1923 _cPuigbert, Joan |
| 260 |
_c1995 _bDiputació de Girona; Ajuntament de Girona |
||
| 490 | 0 | _aQuaderns d'història de Girona | |
| 942 |
_cMON _2udc |
||
| 999 |
_c1876 _d1876 |
||